[Event "15. European Team Championship"]
[Site "?"]
[Date "2005.08.05"]
[Round "7.5"]
[White "Papaioannou Ioannis"]
[Black "Nevednichy Vladislav"]
[Result "1-0"]
[WhiteElo "2578"]
[BlackElo "2583"]
[PlyCount "127"]
[EventDate "2005.??.??"]
[Source "www.chesslib.no"]
[SourceDate "2004.05.04"]

1. d4 Nf6 2. Nf3 g6 3. Bg5 Bg7 4. Nbd2 O-O 5. c3 d6 6. e3 c5 7. Bd3 Nc6 8. O-O Qc7 9. a3 b6 10. Rc1 h6 11. Bh4 e5 12. b4 Ne7 13. bxc5 bxc5 14. dxe5 dxe5 15. Bxf6 Bxf6 16. e4 Rb8 17. Qc2 Bg7 18. Rb1 Ra8 19. Qa4 Kh8 20. Nc4 f5 21. Qa5 Qxa5 22. Nxa5 g5 23. exf5 Bxf5 24. Bxf5 Nxf5 25. Nd2 Nd6 26. Nb7 Nxb7 27. Rxb7 Rf4 28. f3 Ra4 29. Ne4 Rxa3 30. Rd1 Ra6 31. Rdd7 Rg6 32. Rxa7 Rxa7 33. Rxa7 g4 34. Kf2 h5 35. Nxc5 gxf3 36. Kxf3 Rf6+ 37. Ke2 Rg6 38. g3 e4 39. Nxe4 h4 40. Rc7 Be5 41. Rc8+ Kg7 42. Kf3 hxg3 43. hxg3 Kf7 44. Rc5 Bg7 45. Rc7+ Ke8 46. g4 Bf8 47. Rc8+ Kf7 48. Kf4 Ra6 49. c4 Ra1 50. Ng5+ Ke7 51. Ne4 Rc1 52. Kg5 Kf7 53. Rc7+ Ke6 54. Kg6 Ke5 55. Nf6 Bd6 56. Rc6 Ba3 57. g5 Rg1 58. Nd7+ Kd4 59. c5 Bc1 60. Rd6+ Kc4 61. c6 Bxg5 62. Kf5 Kb5 63. c7 Rc1 64. Rd5+ 1-0

[Event "URS-CupT"]
[Site "Ordzhonikidze"]
[Date "1978.??.??"]
[Round "?"]
[White "Kholmov, Ratmir D"]
[Black "Petrosian, Tigran V"]
[Result "1/2-1/2"]
[WhiteElo "2540"]
[BlackElo "2620"]
[PlyCount "46"]
[EventDate "1978.05.??"]
[Source "www.chesslib.no"]
[SourceDate "2004.05.04"]

1. d4 Nf6 2. Nf3 g6 3. Bg5 Bg7 4. Nbd2 O-O 5. e4 d6 6. Bd3 Nc6 7. O-O h6 8. Bxf6 Bxf6 9. c3 e5 10. dxe5 Nxe5 11. Nxe5 dxe5 12. Qe2 Qe7 13. Rad1 Rd8 14. Bc4 Kg7 15. Nf3 Bd7 16. Rd2 Bg4 17. Rfd1 Rxd2 18. Rxd2 Rd8 19. Rxd8 Qxd8 20. h3 Bxf3 21. Qxf3 Qd2 22. Qe2 Qc1+ 23. Kh2 Be7 1/2-1/2

[Event "It (open)"]
[Site "Biel (Switzerland)"]
[Date "2007.07.31"]
[Round "8"]
[White "Bauer Christian (FRA)"]
[Black "Maze Sebastien (FRA)"]
[Result "1-0"]
[WhiteElo "2626"]
[BlackElo "2530"]
[PlyCount "99"]
[EventDate "2007.??.??"]
[Source "www.chesslib.no"]
[SourceDate "2004.05.04"]

1. d4 Nf6 2. Nf3 g6 3. Bg5 Bg7 4. Nbd2 O-O 5. c3 d6 6. e4 Nbd7 7. Bc4 e5 8. O-O c6 9. Bb3 h6 10. Bh4 b5 11. a4 Bb7 12. Ba2 Qc7 13. Re1 a6 14. h3 c5 15. Bg3 Rae8 16. Rc1 Qb6 17. Bb1 Re7 18. b3 Rc8 19. d5 Nh5 20. Bh2 Qa5 21. Bd3 c4 22. Bf1 cxb3 23. Nxb3 Qb6 24. axb5 axb5 25. Qd2 Nc5 26. Rb1 Ba6 27. Qe3 Rb7 28. Nxc5 Rxc5 29. Ra1 Rbc7 30. Reb1 f5 31. Nd2 Nf6 32. c4 fxe4 33. Nb3 Nd7 34. Nxc5 Nxc5 35. cxb5 Bb7 36. Rd1 Kh7 37. Bg3 h5 38. Bh4 Bh6 39. Bg5 Bg7 40. Bd8 Bh6 41. Bxc7 Qxc7 42. Qc3 Qf7 43. Ra7 e3 44. fxe3 Ne4 45. Qe1 Qc7 46. Bd3 Nc5 47. Rc1 e4 48. Bxe4 Qe7 49. Rxc5 dxc5 50. Qg3 1-0

[Event "15. European Team Championship"]
[Site "?"]
[Date "2005.08.02"]
[Round "4.2"]
[White "Jenni Florian"]
[Black "Avrukh Boris"]
[Result "1/2-1/2"]
[WhiteElo "2494"]
[BlackElo "2652"]
[PlyCount "163"]
[EventDate "2005.??.??"]
[Source "www.chesslib.no"]
[SourceDate "2004.05.04"]

1. d4 Nf6 2. Nf3 g6 3. Bg5 Bg7 4. Nbd2 O-O 5. c3 d6 6. e4 c5 7. d5 Na6 8. Bc4 Nc7 9. a4 b6 10. O-O a6 11. Re1 Bb7 12. b4 cxb4 13. cxb4 b5 14. Bf1 e6 15. axb5 axb5 16. dxe6 Nxe6 17. Rxa8 Bxa8 18. Bxb5 Qb6 19. Bc4 Qxb4 20. Bxf6 Bxf6 21. Qb3 Qxb3 22. Bxb3 Nc5 23. Bd5 Bxd5 24. exd5 Ra8 25. Nc4 Bc3 26. Rc1 Ne4 27. Kf1 Bb4 28. Ne1 Bc5 29. Nd3 Bd4 30. Re1 f5 31. f3 Nf6 32. Nxd6 Nxd5 33. Re8+ Rxe8 34. Nxe8 Ne3+ 35. Ke2 Nxg2 36. Nc7 Kf7 37. Nd5 g5 38. N5b4 Ke6 39. Nc2 Bb6 40. h3 Nh4 41. Ne3 Ng6 42. Nc4 Bd4 43. Nd2 Ne7 44. Nb3 Bb6 45. Nd2 Nc6 46. Nf1 Nd4+ 47. Kf2 Nc2+ 48. Kg3 h5 49. f4 h4+ 50. Kf3 g4+ 51. hxg4 Nd4+ 52. Kg2 fxg4 53. Nf2 g3 54. Nxg3 hxg3 55. Kxg3 Kf5 56. Ng4 Bc7 57. Ne5 Ne2+ 58. Kf3 Nxf4 59. Nc4 Ne6 60. Ke3 Bh2 61. Kd3 Bg1 62. Nd2 Ba7 63. Nf3 Nf4+ 64. Kc4 Be3 65. Nd4+ Ke5 66. Nc2 Bg1 67. Nb4 Ke4 68. Na2 Ng6 69. Nc3+ Ke5 70. Ne2 Ba7 71. Nc1 Ke4 72. Nd3 Ke3 73. Nb4 Ke4 74. Nd3 Nf8 75. Nc5+ Ke5 76. Nd3+ Kd6 77. Nf4 Nd7 78. Kd3 Ke5 79. Ne2 Nf8 80. Kc4 Ne6 81. Nc1 Ke4 82. Na2 1/2-1/2

[Event "Rome"]
[Site "Rome"]
[Date "1988.??.??"]
[Round "?"]
[White "Smyslov, Vassily"]
[Black "Gulko, Boris F"]
[Result "1/2-1/2"]
[WhiteElo "2550"]
[BlackElo "2595"]
[PlyCount "25"]
[EventDate "1988.02.??"]
[Source "ChessBase"]

1. d4 Nf6 2. Nf3 g6 3. Bg5 Bg7 4. Nbd2 c5 5. Bxf6 Bxf6 6. Ne4 Bxd4 7. Nxd4 cxd4 8. Qxd4 O-O 9. c4 Qa5+ 10. Qc3 Nc6 11. e3 d6 12. Qxa5 Nxa5 13. b3 1/2-1/2

[Event "Moscow RUS"]
[Site "?"]
[Date "2000.??.??"]
[Round "4"]
[White "Malaniuk Vladimir P"]
[Black "Najer Evgeniy"]
[Result "1/2-1/2"]
[WhiteElo "2572"]
[BlackElo "2572"]
[PlyCount "29"]
[EventDate "2000.??.??"]
[Source "www.chesslib.no"]
[SourceDate "2004.05.04"]

1. d4 Nf6 2. Nf3 g6 3. Bg5 Bg7 4. c3 O-O 5. Nbd2 d6 6. e3 c5 7. Bc4 Nbd7 8. O-O h6 9. Bh4 a6 10. a4 b6 11. h3 Bb7 12. Bg3 Ra7 13. Re1 Qa8 14. Bf1 Ne4 15. Nxe4 1/2-1/2

[Event "Ebersberg  sim"]
[Site "?"]
[Date "2001.06.14"]
[Round "?"]
[White "Kasparov Garry"]
[Black "Rupprecht Andreas"]
[Result "1-0"]
[WhiteElo "2827"]
[BlackElo "2313"]
[PlyCount "103"]
[EventDate "2001.??.??"]
[Source "www.chesslib.no"]
[SourceDate "2004.05.04"]

1. d4 Nf6 2. Nf3 g6 3. Bg5 Bg7 4. Nbd2 O-O 5. c3 d6 6. e4 c5 7. dxc5 dxc5 8. Be2 h6 9. Be3 Qc7 10. h3 b6 11. O-O Nc6 12. a4 Nh5 13. Re1 Nf4 14. Bf1 g5 15. Qc2 Be6 16. Bc4 Bd7 17. Nf1 Na5 18. Bb5 Be6 19. Bxf4 Qxf4 20. Ng3 Qc7 21. Bf1 Nc6 22. Nf5 Bxf5 23. exf5 Rad8 24. Qe4 Bf6 25. g3 Kh7 26. Bc4 Qd6 27. Re3 Na5 28. Rd3 Qc7 29. Rxd8 Qxd8 30. Bd5 Kg7 31. Rd1 c4 32. Nd2 Qd7 33. Nxc4 Qxa4 34. Ne3 Qxe4 35. Bxe4 Nb3 36. Bc2 Nc5 37. b4 Nb7 38. Rd7 Nd6 39. Nd5 Bxc3 40. Nxc3 Rc8 41. Ne4 Nxf5 42. Bd3 a5 43. bxa5 bxa5 44. Nxg5 hxg5 45. Bxf5 Kf6 46. Bg4 Ra8 47. Rd3 Ke5 48. Re3+ Kd6 49. Bd1 e5 50. Rd3+ Kc5 51. Rf3 a4 52. Ra3 1-0

[Event "Israel (ch)"]
[Site "?"]
[Date "1994.??.??"]
[Round "?"]
[White "Psakhis, L."]
[Black "Oratovsky, M."]
[Result "1-0"]
[WhiteElo "2615"]
[BlackElo "2520"]
[PlyCount "97"]
[EventDate "1994.??.??"]
[Source "ChessBase"]
[SourceDate "1994.10.01"]

1. d4 Nf6 2. Nf3 g6 3. Bg5 Bg7 4. Nbd2 c5 5. e3 b6 6. c3 Bb7 7. Bd3 d6 8. O-O O-O 9. a4 Nc6 10. Qb1 cxd4 11. exd4 Qc7 12. Qa2 e5 13. dxe5 dxe5 14. Bxf6 Bxf6 15. Rad1 Rad8 16. Qc4 Qe7 17. Be4 Bg7 18. Rfe1 Rd6 19. b4 Rfd8 20. Qb3 Bh6 21. Nc4 Rxd1 22. Rxd1 Qe6 23. Bxc6 Rxd1+ 24. Qxd1 Qxc6 25. Nd6 e4 26. Nxf7 Bf8 27. Nd8 Qxc3 28. Nxb7 exf3 29. Qd5+ Kg7 30. gxf3 Be7 31. b5 Qc1+ 32. Kg2 Qf4 33. Nd8 Bxd8 34. Qxd8 Qxa4 35. Qe7+ Kg8 36. Qe5 Qb4 37. Qb8+ Qf8 38. Qxa7 Qc5 39. Qa8+ Kf7 40. Qb7+ Ke6 41. Qe4+ Kd6 42. Qd3+ Ke6 43. h4 Qd5 44. Qe3+ Kf7 45. Qxb6 Qc4 46. Qb7+ Kg8 47. b6 Qxh4 48. Qd5+ Kg7 49. Qe5+ 1-0

[Event "Biel Open"]
[Site "Biel SUI"]
[Date "1994.??.??"]
[Round "3"]
[White "Andersson, Ulf"]
[Black "Tkachiev, Vladislav"]
[Result "1/2-1/2"]
[WhiteElo "2620"]
[BlackElo "2510"]
[PlyCount "53"]
[EventDate "1994.07.??"]
[Source "www.chesslib.no"]
[SourceDate "2004.05.04"]

1. d4 Nf6 2. Nf3 g6 3. Bg5 Bg7 4. Nbd2 O-O 5. e3 d6 6. c3 c5 7. Be2 cxd4 8. cxd4 Nc6 9. O-O h6 10. Bxf6 Bxf6 11. Rc1 Bd7 12. a3 a6 13. b4 Rc8 14. Qb3 b5 15. Rc2 Na7 16. Rfc1 Qb6 17. Bd3 Be6 18. Qb1 Bg7 19. h4 Rxc2 20. Rxc2 Rc8 21. Be4 a5 22. Ne1 axb4 23. axb4 Bc4 24. h5 g5 25. Qc1 e6 26. d5 Qa6 27. dxe6 1/2-1/2

[Event "Budapest"]
[Site "Budapest Budapest"]
[Date "1981.??.??"]
[Round "?"]
[White "Ribli, Zoltan"]
[Black "Adorjan, Andras"]
[Result "1-0"]
[WhiteElo "2585"]
[BlackElo "2545"]
[PlyCount "63"]
[EventDate "1981.??.??"]
[Source "www.chesslib.no"]
[SourceDate "2004.05.04"]

1. d4 Nf6 2. Nf3 g6 3. Bg5 Bg7 4. Nbd2 d6 5. c3 h6 6. Bh4 g5 7. Bg3 Nh5 8. e3 Nxg3 9. hxg3 Nd7 10. a4 Nf6 11. a5 Bd7 12. Bd3 e6 13. e4 g4 14. Nh2 h5 15. Nhf1 Bh6 16. Qe2 e5 17. d5 c6 18. c4 c5 19. Ne3 Kf8 20. a6 b6 21. Nb1 Bg5 22. Nc3 Rh7 23. Kd1 Qe8 24. Bc2 Ke7 25. Nf5+ Bxf5 26. exf5 Kd8 27. Ba4 Qe7 28. Bc6 Rc8 29. Bb7 Rc7 30. Nb5 e4 31. Nxa7 Qe5 32. Nc6+ 1-0

[Event "II Open ROMGAZ"]
[Site "Bucarest ROM"]
[Date "2008.09.13"]
[Round "3"]
[White "Sergeev, Vl"]
[Black "Kurnosov, I."]
[Result "1/2-1/2"]
[WhiteElo "2508"]
[BlackElo "2617"]
[PlyCount "48"]
[EventDate "2008.09.11"]
[Source "www.chesslib.no"]
[SourceDate "2004.05.04"]

1. d4 Nf6 2. Nf3 g6 3. Bg5 Bg7 4. Nbd2 O-O 5. e3 d6 6. c3 Nbd7 7. Be2 e5 8. dxe5 dxe5 9. O-O Qe8 10. Qc2 Nc5 11. Bxf6 Bxf6 12. b4 Na4 13. e4 Bd7 14. c4 a5 15. a3 b6 16. Rfd1 Bg7 17. h3 Qe7 18. c5 axb4 19. axb4 bxc5 20. b5 Nb6 21. Rac1 Na4 22. Ra1 Nb6 23. Rac1 Na4 24. Ra1 Nb6 1/2-1/2

[Event "Ch Yugoslavia Open"]
[Site "Baden-Baden GER"]
[Date "1996.??.??"]
[Round "9"]
[White "Pavasovic, Dusko"]
[Black "Gelfand, Boris"]
[Result "1-0"]
[WhiteElo "2425"]
[BlackElo "2700"]
[PlyCount "67"]
[EventDate "1996.??.??"]
[Source "www.chesslib.no"]
[SourceDate "2004.05.04"]

1. d4 Nf6 2. Nf3 g6 3. Bg5 Bg7 4. Nbd2 O-O 5. e3 d6 6. Be2 c5 7. a4 Nc6 8. c3 h6 9. Bf4 a6 10. dxc5 dxc5 11. Nc4 Be6 12. Qxd8 Raxd8 13. a5 g5 14. Bg3 Ne4 15. Ra3 Nxg3 16. hxg3 Bxc4 17. Bxc4 Rd7 18. g4 Rfd8 19. Ke2 Kf8 20. Ba2 Na7 21. Ra4 Nc6 22. Ra3 Na7 23. Rc1 Nc6 24. Rc2 Rd1 25. Rd2 R8xd2+ 26. Nxd2 Ra1 27. Nb3 Rg1 28. Nxc5 Rc1 29. Bb3 Rb1 30. Nd3 Ne5 31. Bc2 Rg1 32. Nxe5 Bxe5 33. Be4 Rc1 34. Kf3 1-0

[Event "Dieren Open"]
[Site "?"]
[Date "1998.??.??"]
[Round "?"]
[White "Nijboer Friso"]
[Black "Neverov Valeriy"]
[Result "0-1"]
[WhiteElo "2580"]
[BlackElo "2540"]
[PlyCount "168"]
[EventDate "1998.??.??"]
[Source "www.chesslib.no"]
[SourceDate "2004.05.04"]

1. d4 Nf6 2. Nf3 g6 3. Bg5 Bg7 4. c3 d6 5. Nbd2 h6 6. Bh4 Bf5 7. Bxf6 Bxf6 8. e4 Bc8 9. Bc4 Nd7 10. h4 h5 11. Ng5 Bxg5 12. hxg5 e5 13. Qf3 Qe7 14. Qe3 Nb6 15. Bb3 Bd7 16. O-O-O O-O-O 17. f4 exd4 18. Qxd4 Be6 19. Rhe1 Kb8 20. Nf3 Bxb3 21. axb3 Qe6 22. Kc2 Qg4 23. Qd2 Qd7 24. Re3 Rhe8 25. Rde1 a5 26. R3e2 a4 27. bxa4 Nc4 28. Qd1 Qxa4+ 29. Kb1 Qa6 30. b3 Qb6 31. Kc1 Na5 32. b4 Nc4 33. Qb3 d5 34. Nd4 c5 35. bxc5 Qxc5 36. exd5 Rxe2 37. Rxe2 Rxd5 38. Re8+ Kc7 39. Re2 h4 40. Kb1 Na5 41. Qa4 Nc6 42. Rc2 Kd6 43. Nb3 Qb5 44. Qa3+ Kc7 45. Kb2 Qc4 46. Nd4 Ra5 47. Qb3 Rc5 48. Rd2 Na5 49. Qb4 Kb8 50. Re2 Qxb4+ 51. cxb4 Rc4 52. Nc2 Nc6 53. b5 Nd8 54. Rf2 Kc7 55. Kb3 Rc5 56. Nd4 Ne6 57. Nxe6+ fxe6 58. Re2 Kd6 59. Kb4 Rc1 60. Rd2+ Kc7 61. Re2 Rb1+ 62. Kc5 b6+ 63. Kc4 Kd6 64. Rd2+ Ke7 65. Ra2 Rf1 66. Ra6 Rxf4+ 67. Kd3 Rg4 68. Rxb6 Rxg5 69. Rb7+ Kd6 70. Rh7 Rg3+ 71. Ke4 g5 72. b6 Rxg2 73. b7 Rb2 74. Rg7 Rb3 75. Rxg5 Rxb7 76. Kf3 Rh7 77. Kg2 h3+ 78. Kh2 e5 79. Rg1 Rh5 80. Rd1+ Kc5 81. Rc1+ Kd4 82. Rd1+ Ke3 83. Rd5 Kf4 84. Ra5 Rh8 0-1

[Event "Masters"]
[Site "?"]
[Date "2005.12.22"]
[Round "8"]
[White "Ehlvest Jaan"]
[Black "Fedorowicz John P"]
[Result "1/2-1/2"]
[WhiteElo "2618"]
[BlackElo "2502"]
[PlyCount "76"]
[EventDate "2005.??.??"]
[Source "www.chesslib.no"]
[SourceDate "2004.05.04"]

1. d4 Nf6 2. Nf3 g6 3. Bg5 Bg7 4. e3 h6 5. Bh4 d6 6. c4 c5 7. Nc3 g5 8. Bg3 g4 9. Nh4 cxd4 10. exd4 Nh5 11. Be2 Nxg3 12. hxg3 h5 13. d5 Nd7 14. Rc1 Ne5 15. O-O Ng6 16. Nxg6 fxg6 17. Bd3 Bf5 18. Bxf5 gxf5 19. Qd3 Qd7 20. Rfe1 h4 21. gxh4 Rxh4 22. g3 Rh6 23. Kg2 a6 24. Rh1 Rxh1 25. Rxh1 O-O-O 26. Rh7 Be5 27. b3 f4 28. gxf4 Bxf4 29. Qg6 Be5 30. Ne4 Rf8 31. Rf7 Rh8 32. Rh7 Rf8 33. Ng5 Qf5 34. Qxf5+ Rxf5 35. Ne6 Bf6 36. a4 b5 37. axb5 axb5 38. Kg3 Rf3+ 1/2-1/2

[Event "Toronto1"]
[Site "Toronto"]
[Date "1990.??.??"]
[Round "10"]
[White "Kovacevic, Vlatko"]
[Black "Tukmakov, Vladimir B"]
[Result "1/2-1/2"]
[WhiteElo "2540"]
[BlackElo "2570"]
[PlyCount "58"]
[EventDate "1990.04.??"]
[Source "ChessBase"]

1. d4 Nf6 2. Nf3 g6 3. Bg5 Bg7 4. e3 O-O 5. Be2 c5 6. c3 b6 7. O-O Bb7 8. a4 Nc6 9. Nbd2 d6 10. Qb1 Rc8 11. Rd1 cxd4 12. Nxd4 Nxd4 13. exd4 Qd7 14. Bxf6 Bxf6 15. Qd3 Rb8 16. Bf3 Bxf3 17. Qxf3 d5 18. Nf1 Bg5 19. Re1 e6 20. g3 h5 21. h4 Bh6 22. Qd3 b5 23. axb5 Qxb5 24. Qxb5 Rxb5 25. Re2 a5 26. Ra2 Rfb8 27. Ne3 Bxe3 28. fxe3 Kg7 29. Kf2 Rb3 1/2-1/2

[Event "TCh-GRE"]
[Site "Aghia Pelagia"]
[Date "2004.07.08"]
[Round "6"]
[White "Papaioannou, Ioannis"]
[Black "Halkias, Stelios"]
[Result "1/2-1/2"]
[WhiteElo "2577"]
[BlackElo "2533"]
[PlyCount "62"]
[EventDate "2004.07.04"]
[Source "Roberto Alvarez"]
[SourceDate "2004.07.12"]

1. Nf3 Nf6 2. d4 g6 3. Bg5 Bg7 4. Nbd2 O-O 5. c3 d6 6. e3 Nbd7 7. Be2 e5 8. O-O Qe7 9. dxe5 dxe5 10. e4 b6 11. Qc2 Bb7 12. Rfe1 h6 13. Bh4 a5 14. Bf1 Rfe8 15. Nc4 Qf8 16. Nfd2 Nh5 17. f3 Nf4 18. Rad1 Bf6 19. Bf2 h5 20. Ne3 h4 21. Bb5 Re7 22. Ng4 Bg5 23. Bf1 Nf6 24. Nxf6+ Bxf6 25. Nc4 Rd8 26. Ne3 Bc8 27. g3 hxg3 28. hxg3 Nh5 29. Nd5 Red7 30. Bb5 Rd6 31. Nxc7 Nxg3 1/2-1/2

[Event "Alushta2"]
[Site "Alushta"]
[Date "1994.??.??"]
[Round "9"]
[White "Malaniuk, Vladimir P"]
[Black "Varavin, Viktor"]
[Result "1/2-1/2"]
[WhiteElo "2595"]
[BlackElo "2510"]
[PlyCount "132"]
[EventDate "1994.02.??"]
[Source "ChessBase"]

1. d4 Nf6 2. Nf3 g6 3. Bg5 Bg7 4. c3 Ne4 5. Bh4 O-O 6. Nbd2 d5 7. e3 c5 8. Nxe4 dxe4 9. Nd2 cxd4 10. exd4 f5 11. Bc4+ Kh8 12. Qe2 Nc6 13. f3 Qb6 14. Bb3 e5 15. Nc4 Qc7 16. d5 b5 17. dxc6 bxc4 18. Bxc4 exf3 19. gxf3 Rb8 20. O-O-O e4 21. Kb1 Bxc3 22. Bb3 Be6 23. bxc3 Bxb3 24. axb3 Rxb3+ 25. Kc2 Qa5 26. Bf6+ Rxf6 27. Kxb3 Rxc6 28. Qe1 Rb6+ 29. Kc4 Rc6+ 30. Kb3 Rb6+ 31. Kc4 Qb5+ 32. Kd4 Re6 33. fxe4 Rxe4+ 34. Qxe4 fxe4 35. c4 Qc6 36. Rc1 Kg7 37. c5 Kf6 38. Rhe1 Kf5 39. Re3 Qa4+ 40. Kd5 Qd7+ 41. Kc4 Qa4+ 42. Kd5 Qd7+ 43. Kc4 Ke5 44. Kb3 Qb5+ 45. Ka3 Kd4 46. Rcc3 Qc6 47. h3 g5 48. Kb3 a5 49. Rg3 h6 50. Rge3 h5 51. Rg3 g4 52. hxg4 hxg4 53. Ka3 a4 54. Kb4 Qa6 55. Ka3 Qc6 56. Kb4 Ke5 57. Rxg4 Qb7+ 58. Ka3 Qb1 59. Rgg3 Qa1+ 60. Kb4 Kd5 61. c6 a3 62. c7 Qb2+ 63. Rb3 Qd4+ 64. Kxa3 Qa7+ 65. Kb2 Qxc7 66. Rb5+ Kd4 1/2-1/2

[Event "Telechess ol2 8182"]
[Site "telex"]
[Date "1981.??.??"]
[Round "?"]
[White "Olafsson, Fridrik"]
[Black "Nunn, John D M"]
[Result "1/2-1/2"]
[WhiteElo "2530"]
[BlackElo "2575"]
[PlyCount "31"]
[EventDate "1981.??.??"]
[Source "www.chesslib.no"]
[SourceDate "2004.05.04"]

1. Nf3 Nf6 2. d4 g6 3. Bg5 Bg7 4. Nbd2 O-O 5. e4 d6 6. c3 h6 7. Bh4 Nc6 8. Qc2 e5 9. dxe5 Nxe5 10. Nxe5 dxe5 11. Be2 Be6 12. O-O Qe8 13. a4 a5 14. Rfd1 Nd7 15. Bc4 Bf6 16. Bxf6 1/2-1/2

[Event "London ENG"]
[Site "London ENG"]
[Date "1987.??.??"]
[Round "?"]
[White "Hodgson, Julian M"]
[Black "Nunn, John D M"]
[Result "1/2-1/2"]
[WhiteElo "2520"]
[BlackElo "2585"]
[PlyCount "44"]
[EventDate "1987.??.??"]
[Source "www.chesslib.no"]
[SourceDate "2004.05.04"]

1. d4 Nf6 2. Nf3 g6 3. Bg5 Bg7 4. Nbd2 O-O 5. c3 d6 6. e4 Qe8 7. Bd3 Nc6 8. O-O e5 9. Re1 h6 10. Bh4 Nh5 11. dxe5 dxe5 12. Qc2 Nf4 13. Bc4 Kh8 14. Rad1 Bg4 15. h3 Bd7 16. Bg3 Rd8 17. Bd5 Be6 18. Nc4 Nxd5 19. exd5 Rxd5 20. Rxd5 Bxd5 21. Ncxe5 Nxe5 22. Bxe5 Qc6 1/2-1/2

[Event "Novi Sad"]
[Site "Novi Sad"]
[Date "1984.??.??"]
[Round "?"]
[White "Kovacevic, Vlatko"]
[Black "Ftacnik, Lubomir"]
[Result "1/2-1/2"]
[WhiteElo "2510"]
[BlackElo "2595"]
[PlyCount "50"]
[EventDate "1984.10.??"]
[Source "ChessBase"]

1. d4 Nf6 2. Nf3 g6 3. Bg5 Bg7 4. e3 O-O 5. Bd3 c5 6. c3 Qb6 7. Qb3 d5 8. Nbd2 Nc6 9. O-O c4 10. Qxb6 axb6 11. Bc2 Bf5 12. Bxf6 Bxf6 13. e4 dxe4 14. Bxe4 b5 15. Rfe1 Rfc8 16. a3 e6 17. Rab1 Ra7 18. g3 Ne7 19. Kg2 Kg7 20. Re2 Nd5 21. h3 h5 22. h4 Bg4 23. Nf1 Nb6 24. N1h2 Bxf3+ 25. Nxf3 Na4 1/2-1/2

[Event "Koop Tjuchem Open"]
[Site "?"]
[Date "1997.01.01"]
[Round "9"]
[White "Cifuentes Parada Roberto"]
[Black "Milos Gilberto"]
[Result "1-0"]
[WhiteElo "2500"]
[BlackElo "2605"]
[PlyCount "91"]
[EventDate "1997.??.??"]
[Source "www.chesslib.no"]
[SourceDate "2004.05.04"]

1. d4 Nf6 2. Nf3 g6 3. Bg5 Bg7 4. Nbd2 c5 5. Bxf6 Bxf6 6. Ne4 Bxd4 7. Nxd4 cxd4 8. Qxd4 O-O 9. c4 Nc6 10. Qd2 d6 11. Nc3 Be6 12. e4 Qa5 13. Be2 Rfc8 14. b3 a6 15. Nd5 Qxd2+ 16. Kxd2 Rab8 17. Rac1 Kf8 18. Nb6 Rd8 19. Ke3 Ne5 20. Rhd1 Nd7 21. Nxd7+ Rxd7 22. c5 dxc5 23. Rxd7 Bxd7 24. Rxc5 Ke8 25. h4 Rc8 26. Rxc8+ Bxc8 27. Kd4 Kd8 28. b4 Bd7 29. g4 h6 30. g5 hxg5 31. hxg5 f6 32. gxf6 exf6 33. e5 Ke7 34. exf6+ Kxf6 35. Kc5 Be6 36. a4 Ke5 37. Bf3 b5 38. axb5 axb5 39. Kxb5 g5 40. Kc5 g4 41. Bc6 Bf5 42. b5 Bd3 43. b6 Ba6 44. Bd7 Kf4 45. Kd6 Kf3 46. Kc7 1-0

[Event "New York USA"]
[Site "?"]
[Date "1986.??.??"]
[Round "?"]
[White "Benjamin Joel"]
[Black "Olafsson Helgi"]
[Result "1/2-1/2"]
[WhiteElo "2555"]
[BlackElo "2545"]
[PlyCount "31"]
[EventDate "1986.??.??"]
[Source "www.chesslib.no"]
[SourceDate "2004.05.04"]

1. d4 Nf6 2. Nf3 g6 3. Bg5 Bg7 4. Nbd2 c5 5. Bxf6 Bxf6 6. Ne4 Qb6 7. Nxf6+ Qxf6 8. c3 cxd4 9. cxd4 O-O 10. e3 Nc6 11. Be2 d5 12. O-O Bd7 13. Qb3 Qd6 14. Rfc1 Rfc8 15. Rc5 b6 16. Rcc1 1/2-1/2

[Event "Ch (Men) Minsk BLR"]
[Site "?"]
[Date "2006.03.04"]
[Round "1"]
[White "Tihonov Jurij"]
[Black "Fedorov Alexei"]
[Result "0-1"]
[WhiteElo "2492"]
[BlackElo "2608"]
[PlyCount "108"]
[EventDate "2006.??.??"]
[Source "www.chesslib.no"]
[SourceDate "2004.05.04"]

1. d4 Nf6 2. Nf3 g6 3. Bg5 Bg7 4. Nbd2 O-O 5. e3 d6 6. Bc4 Qe8 7. O-O e5 8. c3 e4 9. Ne1 Nbd7 10. f3 d5 11. Bb3 c6 12. Bc2 h6 13. Bh4 exf3 14. Qxf3 Qe6 15. Nd3 g5 16. Bg3 Ne4 17. Qe2 Ndf6 18. Be5 Qg4 19. Nf3 Qh5 20. Nf2 Re8 21. Rae1 b6 22. Nxe4 Nxe4 23. Bxg7 Kxg7 24. Bxe4 Rxe4 25. Qd3 a5 26. c4 Ba6 27. Nd2 Rh4 28. h3 g4 29. hxg4 Rh1+ 30. Kf2 Qh4+ 31. Kf3 Bc8 32. Ke2 Bxg4+ 33. Nf3 Rh2 34. Kd2 Rxg2+ 35. Re2 Qg3 36. Rxg2 Qxg2+ 37. Qe2 Qxe2+ 38. Kxe2 dxc4 39. Rg1 h5 40. Kf2 f6 41. Nh2 f5 42. Nf3 Rd8 43. Ne5 c5 44. dxc5 Rd2+ 45. Kg3 bxc5 46. Nxc4 Rc2 47. Nxa5 Rxb2 48. Rc1 Kf6 49. Nc4 Rxa2 50. Nd6 Re2 51. Rc3 c4 52. Kh4 f4 53. Ne4+ Kf5 54. Nd6+ Kg6 0-1

[Event "It A"]
[Site "?"]
[Date "1994.??.??"]
[Round "?"]
[White "Stangl Markus"]
[Black "Stohl Igor"]
[Result "1-0"]
[WhiteElo "2540"]
[BlackElo "2560"]
[PlyCount "155"]
[EventDate "1994.??.??"]
[Source "www.chesslib.no"]
[SourceDate "2004.05.04"]

1. Nf3 Nf6 2. d4 g6 3. Bg5 Bg7 4. c3 d6 5. Nbd2 h6 6. Bh4 Nbd7 7. e4 e5 8. Bc4 O-O 9. O-O Qe8 10. Re1 Nh5 11. Bf1 Nb6 12. dxe5 dxe5 13. Nb3 a5 14. Nc5 Qc6 15. Nd3 Re8 16. a4 Bd7 17. b3 Bg4 18. Rc1 Bf6 19. Bxf6 Qxf6 20. Be2 Nf4 21. Nxf4 Qxf4 22. Qc2 Red8 23. Rcd1 Qf6 24. Qc1 h5 25. Qa3 Bxf3 26. Bxf3 Qc6 27. c4 Qe8 28. Qc5 Rdc8 29. g4 Nd7 30. Qe3 hxg4 31. Bxg4 Rd8 32. Qg5 Nc5 33. Rd5 Rxd5 34. exd5 e4 35. Re3 Qd8 36. Qe5 Qd6 37. Qd4 Re8 38. h4 b6 39. h5 Qe5 40. Qxe5 Rxe5 41. f4 Re7 42. Kf2 f5 43. Be2 gxh5 44. Rg3+ Rg7 45. Rh3 h4 46. Rxh4 Nxb3 47. Rh5 Nc5 48. Rxf5 Nxa4 49. Re5 Nc5 50. Re8+ Kf7 51. Bh5+ Kf6 52. Rf8+ Ke7 53. Re8+ Kd6 54. Rd8+ Ke7 55. Re8+ Kd7 56. Ra8 Rh7 57. Bg4+ Ke7 58. Rc8 Kf6 59. Rf8+ Rf7 60. Rc8 Rg7 61. Be2 a4 62. Ra8 Ke7 63. Rc8 Kd6 64. Rd8+ Nd7 65. Ra8 c6 66. Ke3 Rh7 67. f5 cxd5 68. cxd5 Ke5 69. Bg4 Rg7 70. Re8+ Kf6 71. Kf4 a3 72. Ra8 Nc5 73. Rf8+ Ke7 74. Ra8 Nd3+ 75. Kxe4 Nf2+ 76. Kf4 Nxg4 77. Ra7+ Kf6 78. Ra6 1-0

[Event "Great Britain (ch) 73/72"]
[Site "?"]
[Date "1998.??.??"]
[Round "?"]
[White "Speelman, Jonathan S"]
[Black "Rowson, Jonathan"]
[Result "1-0"]
[WhiteElo "2600"]
[BlackElo "2495"]
[PlyCount "145"]
[EventDate "1998.??.??"]
[Source "ChessBase"]
[SourceDate "1998.06.01"]

1. Nf3 Nf6 2. d4 g6 3. Bg5 Bg7 4. Nbd2 O-O 5. e3 d6 6. Bc4 Nbd7 7. O-O h6 8. Bh4 b6 9. e4 e5 10. dxe5 dxe5 11. Qe2 Bb7 12. Ba6 Qc8 13. Bxb7 Qxb7 14. Rfe1 Rfe8 15. a4 Re6 16. Bxf6 Nxf6 17. Nc4 Rae8 18. b4 Bf8 19. c3 c6 20. g3 Qc7 21. Kg2 b5 22. Ncd2 a6 23. Nb3 Nd7 24. Rec1 Nb6 25. axb5 axb5 26. Ne1 Rd8 27. Nd3 Ree8 28. Ra6 Ra8 29. Rca1 Na4 30. Rxa8 Rxa8 31. Qe3 Rd8 32. Ndc5 Nxc5 33. Nxc5 Bxc5 34. Qxc5 Qd6 35. Qb6 Qf6 36. Qe3 Kg7 37. Ra7 h5 38. h4 Qd6 39. Qg5 Re8 40. Qe3 Rd8 41. Qg5 Re8 42. g4 Qd8 43. gxh5 Qxg5+ 44. hxg5 gxh5 45. Rc7 Re6 46. Kg3 Kg6 47. f3 f6 48. gxf6 Kxf6 49. Kh4 Kg6 50. Rd7 Rf6 51. Kg3 Re6 52. Rd8 Kg7 53. Rc8 Kg6 54. Rg8+ Kh6 55. Rf8 Rg6+ 56. Kh4 Rd6 57. Rf5 Rd3 58. Rxh5+ Kg7 59. Kg4 Rxc3 60. Rxe5 Rc4 61. Re6 Kf7 62. Kf5 Rxb4 63. Rxc6 Ke7 64. e5 Kd7 65. Rc5 Rb1 66. f4 b4 67. e6+ Kd6 68. Re5 Ke7 69. Rd5 Rh1 70. Rd7+ Ke8 71. Rb7 Rh5+ 72. Kf6 Rh6+ 73. Ke5 1-0